00300nam a2200121Ia 45000030006000000080041000060400015000471000026000622450030000882600031001185460012001490050017001610STCL150530s9999 xx 000 0 und d aSTCLcSTCL aSivaraja Pillai, K.N. aAgastya in the Tamil Land bUniversity of Madrasc1935 aEnglish20220125171425.0